• 首页
  • 本馆介绍
  • 公告通知
  • 最新文献
  • 馆藏检索
  • 电子资源
  • 读者导购
  • 参考咨询
  • 我的图书馆
  • 登录
  • 详细信息显示
  • 放入我的书架
  • 预约/预借图书
  • 作者相关作品
  • 分类相关作品
  • 丛书相关作品
  • 出版社相关作品

书目信息

  • 表格格式
  • 工作单格式
  • 卡片格式
题名:
谈谈实践第一的观点
    
 
作者: 毅耘 著
分册:  
出版信息: 石家庄   河北人民出版社  1979
页数: 73页
开本: 19cm
丛书名: 哲学丛书
单 册:
中图分类: B023.3
科图分类:
主题词: 实践学
电子资源:
ISBN:
000 00641nam2 2200241 45
001 0179003581
005 20060727174319.79
010    @dCNY0.18
091    @b2086.85
100    @a19950712d1979 em y0chiy0121 ea
101 0  @achi
102    @aCN@b130000
105    @ay z 000yy
200 10 @a谈谈实践第一的观点@Atan tan shi jian di yi de guan dian@f毅耘著@Fyi yun zhu
210    @a石家庄@c河北人民出版社@d1979
215    @a73页@d19cm
225 2  @a哲学丛书
410  0 @120010@a哲学丛书
606    @a实践学
690    @aB023.3@v3
701  0 @a毅耘@Ayi yun@4著
801  0 @aCN@bNLC@c20060727
905    @f1@b26659@dB023.3@e74@b26663@f1
    
    谈谈实践第一的观点/毅耘著.-石家庄:河北人民出版社,1979
    73页;19cm.-(哲学丛书)
    
    
    ISBN :CNY0.18
    
●
相关链接 在E读中查询图书 在五车中查询图书 在当当中查询图书 在豆瓣中查询图书


正题名:谈谈实践第一的观点     索取号:B023.3/74         预约/预借

序号 登录号 条形码 馆藏地/架位号 状态 备注
1 0026659   001115563   第一样本阅览室/ [索取号:B023.3/74] 在馆    
2 0026662   202137730   密集书库/ [索取号:B023.3/74] 在馆    
3 0026663   001115554   密集书库/ [索取号:B023.3/74] 在馆    
4 019152   001825573   密集书库/ [索取号:B023.3/74] 在馆    
5 0440168   204401682   密集书库/ [索取号:B023.3/74] 在馆    
6 0440253   204402538   密集书库/ [索取号:B023.3/74] 在馆    
唐山师范学院图书馆 欢迎您!
大连网信软件有限公司© 版权所有